Culture Générale - Série 2181 - Statistiques

Statistiques générales
  • Ce quiz a été pris 128 fois
  • Le résultat moyen est 7 sur 10
Statistiques - réponses
Question Réponse % Correct
Dans quelle ville siège le Parlement de l'Union européenne ? Strasbourg
91%
En 1946, dans quelle ville a siégé le tribunal militaire international au cours duquel ont été jugés les hauts responsables nazis ? Nuremberg
90%
Dans quel pays se trouve la ville de Riga ? Lettonie
89%
En quelle année le mur de Berlin a-t-il été construit ? 1961
80%
Dans quel pays se trouve la ville d'Odessa ? Ukraine
79%
Dans quel pays se trouve la ville de Tijuana ? Mexique
75%
Dans quel pays se trouve la ville de Medellin ? Colombie
72%
Dans quel pays se trouve le barrage des Trois Gorges ? Chine
54%
Quel est l'état représenté sur la photographie par son drapeau ? Vatican
52%
Qui a écrit la saga en 7 épisodes "Les rois maudits" entre 1955 et 1977 ? prénom et nom Maurice Druon
48%
Aucun quiz correspondant
Distribution des résultats
% des personnes avec chaque résultat
Percentile par nombre de réponses
Votre historique - résultats
Vous n’avez pas pris ce quiz